Statistiques concernant Barcelone Buteurs

Cliquez ici pour prendre le quiz!

Statistiques générales

  • Ce quiz a été pris 272 fois
  • Le résultat moyen est 5 sur 25

Statistiques - réponses

Nb ButsJoueurTop% Correct
672Messi1
99%
105Neymar12
89%
194Luis Suarez3
63%
85Xavi21
62%
94Ronaldinho15
53%
99Pedro14
49%
130Rivaldo6
31%
130Samuel Eto'o5
31%
117Hristo Stoichkov8
16%
86Ronald Koeman20
8%
122Patrick Kluivert7
6%
198Cesar Rodriguez2
3%
108Luis Enrique10
2%
75Bernd Schuster25
1%
101Evaristo13
1%
81Julio Salinas23
1%
146Laszlo Kubala4
1%
110Carles Rexach9
0%
91Estanislao Basora17
0%
94Jose Mari Bakero16
0%
88Josep Escola19
0%
91Juan Manuel Asensi18
0%
81Justo Tejada22
0%
105Mariano Martin11
0%
80Txiki Begiristain24
0%

Distribution des résultats

Percentile par nombre de réponses

% des personnes avec chaque résultat

Votre développement - résultats

Vous n’avez pas pris ce quiz